000 00641nam a2200181Ia 4500
008 100921s9999 xx 000 0 und d
082 _b22612
_a891.463 थ 89
100 _aवाळिंबे शरदचंद्र.
245 _aकठपुतली.
260 _bमनमोहिनी प्रकाशन,पुणे.
_c1989
300 _a160
_bभावे पुस्तक भांडार,पुणे
365 _b50
520 _aललित-कादंबरी.
630 _aकठपुतली.
650 _aललित-कादंबरी.
730 _aकठपुतली.
942 _cBOOK
999 _c771725
_d771722